000 00567cam a22002177a 4500
001 000665
003 armpunfd
005 20140612090617.0
008 011019e1956####xx#a##########000#0#und#d
040 _aarmpunfd
_carmpunfd
080 _a347.751 G 276
100 1 0 _a Garo, Francisco J.
245 1 0 _aDerecho comercial
260 _a Buenos Aires
_b Depalma
_c1956
300 _a603p.
650 7 _a Compraventas Terrestres
_2LEMB
650 7 _a Compraventas
_2LEMB
650 7 _a Derecho Comercial
_2LEMB
942 _cLB
_2cdu
945 _aCatalis
_d2010-08-19
999 _c656
_d231160